Progressive Geography Test #4 - Statistics

General Stats
  • This quiz has been taken 2,763 times
    1,836 since last reset
  • The average score is 13 of 20
Answer Stats
Question Answer % Correct
What is the capital of France? Paris
100%
What is the world's most populous country? China
99%
And what is the world famous tower in that city? Eiffel Tower
99%
What is Earth's largest continent? Asia
98%
What country has the longest coastline? Canada
96%
What is the flattest continent? Oceania
93%
What is the largest country on the Arabian Peninsula? Saudi Arabia
92%
What country other than France and Spain has Mediterranean and Atlantic coastline? Morocco
85%
And what famous city in that nation means "white house" in Spanish? Casablanca
81%
What is the longest river in Europe? Volga
70%
What is the most densely populated country in the world? Monaco
64%
What is the capital of Syria? Damascus
63%
What country is home to Kangaroo Island? Australia
62%
What is the fastest flowing river in the world by average discharge? Amazon
61%
What city has the largest metro surface area? New York
49%
In which country is Transylvania located? Romania
48%
Which Turkish city was formerly known as Smyrna? Izmir
39%
What is the world's oldest active volcano? Mount Etna
30%
What is the biggest island of Cape Verde? Santiago
9%
Which of the 8 main islands in Hawaii is uninhabited? Kaho'olawe
5%
No matching quizzes found
Score Distribution
Percent of People with Each Score
Percentile by Number Answered
Your Score History
You have not taken this quiz since the last reset